Mathematics and statistics for business, management and finance /
Shranjeno v:
| Glavni avtor: | |
|---|---|
| Format: | Knjiga |
| Jezik: | English |
| Izdano: |
Basingstoke :
Macmillan,
1997.
|
| Teme: | |
| Oznake: |
Označite
Brez oznak, prvi označite!
|
| Thư viện lưu trữ: | Mạng thư viện Đại học Đà Nẵng |
|---|
| LEADER | 00832cam a2200325 i 4500 | ||
|---|---|---|---|
| 001 | 000046015 | ||
| 003 | 5269 | ||
| 005 | 20030327081859.0 | ||
| 008 | 010220|1997 vm 000 eng | ||
| 020 | |a 0333625579 (pbk) | ||
| 040 | |a IRC |c IRC |d IRC | ||
| 041 | 0 | |a eng | |
| 082 | 1 | 4 | |a 510 |b SW-L |
| 100 | 1 | |a Swift, Louise. | |
| 245 | 0 | 0 | |a Mathematics and statistics for business, management and finance / |c Louise Swift. |
| 260 | |a Basingstoke : |b Macmillan, |c 1997. | ||
| 300 | |a x, 930p. : |b ill. | ||
| 630 | 0 | 4 | |a Mathematics. |
| 650 | 0 | 4 | |a Mathematics. |
| 650 | 0 | 4 | |a Mathematical statistics. |
| OWN | |a DUT | ||
| 999 | |a From the UDN01 | ||
| TYP | |a Monograph | ||
| TYP | |a Printed language | ||
| 980 | |a Mạng thư viện Đại học Đà Nẵng | ||


